Labour relations in Malaysia : an evaluation of the dispute resolution process and proposals for reform /
Saved in:
| 主要作者: | |
|---|---|
| 格式: | Thesis 圖書 |
| 語言: | English |
| 出版: |
2006.
|
| 主題: | |
| 在線閱讀: | http://studentsrepo.um.edu.my/id/eprint/8178 |
| 標簽: |
添加標簽
沒有標簽, 成為第一個標記此記錄!
|
| LEADER | 01047cam a2200289 a 4500 | ||
|---|---|---|---|
| 001 | u745507 | ||
| 003 | SIRSI | ||
| 008 | 070917s2006 my a t 00 1 eng m | ||
| 005 | 20070914 | ||
| 040 | |a UMU | ||
| 043 | |a a-my--- | ||
| 092 | |a K668 |b Jea | ||
| 100 | 0 | |a Jeanne Savindra Francis Xavier. | |
| 245 | 1 | 0 | |a Labour relations in Malaysia : |b an evaluation of the dispute resolution process and proposals for reform / |c Jeanne Savindra d/o Francis Xavier. |
| 260 | |c 2006. | ||
| 300 | |a 88 leaves : |b ill. ; |c 30 cm. | ||
| 500 | |a Photocopy. | ||
| 500 | |a PUUR. | ||
| 502 | |a Dissertation (LLM) -- Fakulti Undang- Undang, Universiti Malaya, 2007. | ||
| 504 | |a Bibliography: leaves 86-88. | ||
| 650 | 0 | |a Labor disputes |z Malaysia. | |
| 650 | 0 | |a Dispute resolution (Law) |z Malaysia. | |
| 856 | 4 | 1 | |u http://studentsrepo.um.edu.my/id/eprint/8178 |
| 900 | |a HF | ||
| 596 | |a 4 | ||
| 999 | |a K668 JEA |w LACLL |c 1 |i A513081793 |l RESTRICTED |m P04UNDANG |r N |s Y |t TESIS |u 5/10/2007 | ||
| 999 | |a K668 JEA |w LACLL |c 1 |i A513081855 |l K-ARKIB |m P04UNDANG |r N |s Y |t TESIS |u 5/10/2007 | ||
